| 000 | 01559naa a22003377a 4500 | ||
|---|---|---|---|
| 001 | BR8601648 | ||
| 003 | BR-BrBNA | ||
| 005 | 20240918175642.0 | ||
| 007 | ta | ||
| 008 | 230509b bl.||||| |||| 00| 0 por d | ||
| 040 |
_aBR-BrBNA _bpor _cBiblioteca Nacional de Agricultura |
||
| 041 | _a(Pt) | ||
| 072 |
_aL73; E16 _b5300 _b4150 |
||
| 090 | _aL73 BR8601648 | ||
| 100 | 1 | _aProtas, J.F. da S. | |
| 100 | 1 | _aSobestiansky, J. | |
| 100 | 1 | _aSoncini, R.A. | |
| 111 | 1 |
_a1. Congresso Latino de Veterinarios Especialistas em Suinos; 2. Congresso Brasileiro de Veterinarios Especialistas em Suinos _cRio de Janeiro, RJ (Brazil) _d18-22 Nov 1985 |
|
| 245 | 1 | _aCusto de um surto da doenca de Aujeszky | |
| 246 | 1 | _a[The cost of an Aujeszky disease outbreak] | |
| 246 | 1 | _a[Annals of the 1. Latin Congress of Veterinarians Specialist in Swine and 2. Brazilian Congress of Veterinarians Specialist in Swine] | |
| 260 | 3 |
_aSao Paulo, SP (Brasil): _bGessuli ed., _c1985. |
|
| 500 | _aAnais do 1. Congresso Latino de Veterinarios Especialistas em Suinos e 2. Congresso Brasileiro de Veterinarios Especialistas em Suinos Sao Paulo, SP (Brasil): Gessuli ed., 1985. p. 134 (BR8601648-AM)L73 | ||
| 650 | _aSUINO | ||
| 650 | _aDOENCA DE AUJESZKY | ||
| 650 | _aCUSTO | ||
| 650 | _aEPIDEMIA | ||
| 773 | 0 |
_tAnais do 1. Congresso Latino de Veterinarios Especialistas em Suinos e 2. Congresso Brasileiro de Veterinarios Especialistas em Suinos _wL73 BR8601648 _gSao Paulo, SP (Brasil), 1985. p. 134 |
|
| 909 |
_a202404 _bLucia _c55 _dLucia Elande |
||
| 942 |
_cAM _2AGRIS |
||
| 999 |
_c317616 _d317616 |
||